Statistics for 2016-17 NBA Statistics

Click here to take the quiz!

General Stats

  • This quiz has been taken 98 times
    (97 since last reset)
  • The average score is 43 of 90

Answer Stats

HintAnswer% Correct
RankingGolden State Warriors
97%
RankingCleveland Cavaliers
83%
RankingBoston Celtics
82%
RankingSan Antonio Spurs
75%
RankingHouston Rockets
71%
RankingToronto Raptors
69%
RankingLos Angeles Clippers
64%
RankingOklahoma City Thunder
64%
Steals per gameDraymond Green
63%
Points per game (more)Golden State Warriors
63%
Assists per gameJames Harden
63%
Points per gameRussell Westbrook
63%
Defensive Player of the YearDraymond Green
61%
Turnovers per gameJames Harden
61%
Minutes per gameLeBron James
61%
Triple-doublesRussell Westbrook
61%
Most Valuable PlayerRussell Westbrook
61%
StealsDraymond Green
60%
Double-doublesJames Harden
60%
RankingMilwaukee Bucks
60%
Blocks per gameRudy Gobert
60%
Efficiency per gameRussell Westbrook
60%
AssistsRussell Westbrook
60%
RankingUtah Jazz
60%
Three PointersStephen Curry
57%
Field Goals %DeAndre Jordan
56%
PointsDevin Booker
56%
Rebounds per gameHassan Whiteside
56%
RankingWashington Wizards
56%
Free Throws %C.J. McCollum
54%
ReboundsDeAndre Jordan
54%
RankingIndiana Pacers
54%
All-NBA First TeamLeBron James
54%
RankingMemphis Grizzlies
54%
BlocksRudy Gobert
54%
ReboundsRudy Gobert
54%
All-NBA First TeamAnthony Davis
53%
Most Improved PlayerGiannis Antetokounmpo
53%
All-NBA First TeamJames Harden
53%
RankingPhiladelphia 76ers
53%
RankingPhoenix Suns
53%
RankingPortland Trail Blazers
53%
All-NBA First TeamRussell Westbrook
53%
RankingAtlanta Hawks
51%
RankingBrooklyn Nets
51%
NBA All-Defensive First TeamDraymond Green
51%
All-NBA First TeamKawhi Leonard
51%
3-Point Field Goals %Kyle Korver
51%
RankingChicago Bulls
50%
NBA All-Defensive First TeamChris Paul
49%
ReboundsHassan Whiteside
49%
NBA All-Defensive First TeamRudy Gobert
49%
BlocksBrook Lopez
47%
RankingLos Angeles Lakers
47%
Rookie of the YearMalcolm Brogdon
47%
NBA All-Defensive First TeamKawhi Leonard
46%
RankingMiami Heat
46%
RankingDenver Nuggets
44%
Coach of the YearMike D'Antoni
43%
RankingDallas Mavericks
42%
Fouls per gameDeMarcus Cousins
42%
RankingDetroit Pistons
42%
Sixth Man of the YearEric Gordon
42%
RankingNew Orleans Pelicans
42%
MinutesPaul Millsap
42%
RankingNew York Knicks
40%
RankingOrlando Magic
40%
Assists per gameGolden State Warriors
39%
RankingSacramento Kings
39%
RankingCharlotte Hornets
38%
Points DifferentialGolden State Warriors
38%
NBA All-Rookie First TeamMalcolm Brogdon
38%
RankingMinnesota Timberwolves
38%
Steals per gameGolden State Warriors
36%
NBA All-Rookie First TeamJoel Embiid
36%
Field Goals %Golden State Warriors
35%
Blocks per gameGolden State Warriors
33%
BlocksRobin Lopez
28%
NBA All-Defensive First TeamPatrick Beverley
24%
NBA All-Rookie First TeamBuddy Hield
22%
NBA All-Rookie First TeamDario Saric
22%
Rebounds per gameOklahoma City Thunder
18%
Points per game (less)Dallas Mavericks
17%
Opponent Points (more)Phoenix Suns
15%
3-Point Field Goals %San Antonio Spurs
15%
NBA All-Rookie First TeamWilly Hernangomez
15%
Opponent Points (less)Utah Jazz
13%
Turnover (max)Philadelphia 76ers
8%
Turnover (min)Charlotte Hornets
6%
Free Throws %Charlotte Hornets
4%

Score Distribution

Percentile by Number Answered

Percent of People with Each Score

Your Score History

You have not taken this quiz since the last reset